| 000 | 00760nam a2200289Ia 4500 | ||
|---|---|---|---|
| 001 | 16902 | ||
| 003 | IT-RoPAU | ||
| 008 | 130308s9999 xx 000 0 und d | ||
| 040 | _aIT-RoPAU | ||
| 040 | _cIT-RoPAU | ||
| 041 | _aITALIANO | ||
| 100 | _aBertè Pierantonino | ||
| 100 | _gCodice Aut. SPICS: 9258 | ||
| 245 | _aAttività culturali (Le) | ||
| 245 | _bUna Nuova legge per Il Cinema | ||
| 250 | _a1a ed. | ||
| 260 | _aROMA | ||
| 260 | _bEnte Dello Spettacolo | ||
| 260 | _c1973 [1° Ed.:1973 - Ed.Ling.Originale:1973] | ||
| 300 | _a"6 p. (prefazione: no ; testo: 6 [pagine: 229-234])" | ||
| 650 | _aDIRITTO NELLA CINEMATOGRAFIA | ||
| 650 | _eCodice materia Spics: 4612 | ||
| 942 | _cBK | ||
| 957 | _71 | ||
| 999 |
_c46784 _d46784 |
||
| 999 | _bSI | ||
| 999 | _g1 | ||